| 000 | 00554nam a2200181Ia 4500 | ||
|---|---|---|---|
| 005 | 20250508155021.0 | ||
| 008 | 008 250505s9999 xx 000 0 eng d | ||
| 037 | _aTextual | ||
| 040 |
_aFEDL _beng _cFEDL |
||
| 041 |
_aeng _2eng |
||
| 084 |
_a371.81, NEW _qFEDL |
||
| 100 | _aNewcomb Theodore M | ||
| 245 | 0 | _aPersonality and social change : Attitude formation in a student community | |
| 260 |
_aNew York, USA _bHolt, Rinehart and Winston _c1943 |
||
| 300 | _axii,225p | ||
| 942 |
_cTEXL _h371.81, NEW |
||
| 999 |
_c1353423 _d1353423 |
||